Ace Ahead Teks STPM Sejarah Dunia (1500-1955) (Record no. 129144)

MARC details
000 -LEADER
fixed length control field 00760nam a2200241 i 4500
001 - CONTROL NUMBER
control field C2-0329991
003 - CONTROL NUMBER IDENTIFIER
control field PPAK
005 - DATE AND TIME OF LATEST TRANSACTION
control field 20180728130929.0
008 - FIXED-LENGTH DATA ELEMENTS--GENERAL INFORMATION
fixed length control field 150215s2013 my a|||| ||||| | may d
040 ## - CATALOGING SOURCE
Original cataloging agency PPAK
Language of cataloging eng
Transcribing agency PPAK
Description conventions rda
082 04 - DEWEY DECIMAL CLASSIFICATION NUMBER
Classification number 909.076
Edition number 23
090 00 - LOCALLY ASSIGNED LC-TYPE CALL NUMBER (OCLC); LOCAL CALL NUMBER (RLIN)
Classification number (OCLC) (R) ; Classification number, CALL (RLIN) (NR) 909.076
Feature heading SIV
Feature heading R
100 0# - MAIN ENTRY--PERSONAL NAME
Personal name Sivacandralingam Sundara Raja,
Relator term author
245 10 - TITLE STATEMENT
Title Ace Ahead Teks STPM Sejarah Dunia (1500-1955)
Remainder of title penggal 1 edisi kemaskini
264 #1 - PRODUCTION, PUBLICATION, DISTRIBUTION, MANUFACTURE, AND COPYRIGHT NOTICE
Place of production, publication, distribution, manufacture Selangor, Malaysia :
Name of producer, publisher, distributor, manufacturer Oxford Fajar Sdn. Bhd. ,
Date of production, publication, distribution, manufacture, or copyright notice 2013
300 ## - PHYSICAL DESCRIPTION
Extent vii, 471 pages :
Other physical details illustrations ;
Dimensions 26 cm
336 ## - CONTENT TYPE
Source rdacontent
Content type term text
337 ## - MEDIA TYPE
Source rdamedia
Media type term unmediated
338 ## - CARRIER TYPE
Source rdacarrier
Carrier type term volume
650 10 - SUBJECT ADDED ENTRY--TOPICAL TERM
Topical term or geographic name entry element World history - Problems, exercises, etc.
700 ## - ADDED ENTRY--PERSONAL NAME
Relator term author
942 ## - ADDED ENTRY ELEMENTS (KOHA)
-- dc
Koha item type Book
Holdings
Withdrawn Not for loan Current library Shelving location Date acquired Full call number Barcode Date last seen Koha item type
  Not For Loan Perpustakaan Alor Setar Rujukan Dewasa 23/02/2015 R 909.076 SIV A00873536 09/05/2018 Book